000 00510nam a2200205Ia 4500
005 20240823013733.0
008 240823s9999||||xx |||||||||||||| ||und||
020 _a0-07-058661-6
041 _aENGLISH
082 _A621.4021 P4
100 _a"Potter,Merle C"
245 0 _aThermodynamics for Engineers
250 _a1st
260 _c2004
_bTMH New D
500 _aTRANSFERED
650 _aThermodynamics
_bAeronautical Engineering
700 _a" Somerton,Craig W"
942 _cBK
999 _c168086
_d168086